000 00571nam a2200217Ia 4500
003 OSt
005 20220928141617.0
006 a|||||r|||| 00| 0
007 ta
008 220927b |||||||| |||| 00| 0 eng d
024 _a16330
037 _cAnnuals, Advances
040 _aSDCL
_cSDCL
_beng
041 _2eng
_aeng
082 _aP-,3, L1
100 _aShands Harley C
_9501189
245 0 _aWar with words
_b Structure and transcendence.
260 _c1971
942 _hP-,3, L1
_cREF
_2CC
999 _c818684
_d818684